Länderraten I (mit Bild) - Statistiken

Allgemein
  • Dieses Quiz wurde 485 mal gespielt
  • Das Durchschnittsergebnis liegt bei 10 aus 16
Antwortstatistiken
Bildquiz Antwort % Korrekt
USA
86%
Niederlande
85%
Deutschland
81%
Brasilien
76%
Japan
76%
Italien
73%
Indien
72%
Kanada
71%
Frankreich
64%
Vereinigtes Königreich
52%
China
49%
Australien
45%
Spanien
44%
Russland
30%
Indonesien
28%
Türkei
21%
Keine übereinstimmenden Quizze gefunden
Verteilung der Resultate
Anzahl Personen mit jedem Resultat
Perzentil nach korrekt beantworteten Fragen
Ihre Resultats-Entwicklung
Sie haben dieses Quiz noch nicht gespielt